| 000 | 00734nam a22002297a 4500 | ||
|---|---|---|---|
| 005 | 20170124105938.0 | ||
| 010 | _a944213 | ||
| 020 | _c00.00 | ||
| 035 | _a944213 | ||
| 037 | _bCen Lib/Ret | ||
| 040 |
_aDPL _bEN |
||
| 082 |
_a309.15416 _bMAN |
||
| 100 |
_aMann, R. S. _910560 |
||
| 245 |
_aSocial structure, social change and future trends : _cby R. S. Mann _bIndian village perspective / |
||
| 260 |
_aJaipur _bRawat Publications _c1979 |
||
| 270 |
_bJaipur _a11,Gopinath Gardens |
||
| 300 |
_avii,264p. _c22cm(Hb) |
||
| 500 | _aIncludes bibliographical references and index | ||
| 650 |
_aIndia -- Rural conditions _99199 |
||
| 650 |
_aSocial structure -- India _910561 |
||
| 942 |
_2ddc _cEN _h309.15416 _mMAN |
||
| 999 |
_c124369 _d124369 |
||